[Event "WC-2019-S-00003"]
[Site "LSS email"]
[Date "2019.08.28"]
[Round "?"]
[White "Cvak, Rudolf"]
[Black "Dard, Michel"]
[Result "1/2-1/2"]
[WhiteElo "2372"]
[BlackElo "2289"]
[PlyCount "94"]
[EventDate "2019.09.01"]
[EventType "tourn (corr)"]
[EventRounds "12"]
[EventCountry "GER"]
[SourceTitle "Corr 2024"]
[Source "ChessBase"]
[SourceDate "2023.10.19"]
[SourceVersion "1"]
[SourceVersionDate "2023.10.19"]
[SourceQuality "1"]

1. e4 c5 2. Nf3 e6 3. d4 cxd4 4. Nxd4 Nf6 5. Nc3 d6 6. g4 h6 7. Rg1 Nc6 8. Be3 d5 9. Bb5 Bd7 10. exd5 exd5 11. Qd3 Bb4 12. 0-0-0 Ne5 13. Qf5 Nc6 14. Qd3 Ne5 15. Bxd7+ Qxd7 16. Qf5 Nc4 17. Ndb5 Qxf5 18. gxf5 Nxe3 19. fxe3 Bxc3 20. Nxc3 0-0-0 21. Rxg7 Rhf8 22. h3 Rd7 23. Rd4 Re8 24. Kd2 Kd8 25. Kd3 a6 26. Rh4 h5 27. a4 Kc7 28. a5 Re5 29. Rf4 Rde7 30. Kd4 Kd6 31. b3 Rxe3 32. Rxf7 Rxf7 33. Kxe3 Ke5 34. Ne2 Rc7 35. Nc1 d4+ 36. Kf3 Kd5 37. Nd3 Rg7 38. Ke2 Rg2+ 39. Kf3 Rg7 40. Ke2 Rg2+ 41. Rf2 Rg3 42. Rf1 Kd6 43. Rf4 Kd5 44. Rf3 Rg2+ 45. Rf2 Rg3 46. Rf1 Kd6 47. Rf4 Kd5 1/2-1/2

[Event "WC-2019-S-00003"]
[Site "LSS email"]
[Date "2019.08.28"]
[Round "?"]
[White "Dard, Michel"]
[Black "Kahl, Fred"]
[Result "1/2-1/2"]
[WhiteElo "2289"]
[BlackElo "2361"]
[PlyCount "86"]
[EventDate "2019.09.01"]
[EventType "tourn (corr)"]
[EventRounds "12"]
[EventCountry "GER"]
[SourceTitle "Corr 2024"]
[Source "ChessBase"]
[SourceDate "2023.10.19"]
[SourceVersion "1"]
[SourceVersionDate "2023.10.19"]
[SourceQuality "1"]

1. e4 c5 2. Nc3 Nc6 3. Bb5 Nd4 4. Nf3 a6 5. Bd3 Nc6 6. 0-0 d6 7. h3 g6 8. a3 Bg7 9. Re1 Nf6 10. Nd5 0-0 11. Nxf6+ Bxf6 12. Bc4 b5 13. Bd5 Bb7 14. c3 e6 15. Bxc6 Bxc6 16. d4 Re8 17. Bh6 e5 18. d5 Bd7 19. Qd2 Bg7 20. b3 a5 21. Bxg7 Kxg7 22. c4 Qc7 23. cxb5 Bxb5 24. Rab1 Reb8 25. Qc3 Qe7 26. Nd2 Rb7 27. Rb2 Kg8 28. Reb1 Qd8 29. Nc4 h5 30. g3 f5 31. f4 exf4 32. exf5 Bxc4 33. bxc4 Rxb2 34. Rxb2 Qg5 35. h4 Qxg3+ 36. Qxg3 fxg3 37. Kg2 Re8 38. Kxg3 Re4 39. fxg6 Rxc4 40. Rb6 Rg4+ 41. Kf3 Rxh4 42. Rxd6 Rd4 43. Rc6 Rxd5 1/2-1/2

[Event "WC-2019-S-00003"]
[Site "LSS email"]
[Date "2019.08.28"]
[Round "?"]
[White "Susla, Vitaliy"]
[Black "Dard, Michel"]
[Result "1-0"]
[WhiteElo "2334"]
[BlackElo "2289"]
[PlyCount "69"]
[EventDate "2019.09.01"]
[EventType "tourn (corr)"]
[EventRounds "12"]
[EventCountry "GER"]
[SourceTitle "Corr 2024"]
[Source "ChessBase"]
[SourceDate "2023.10.19"]
[SourceVersion "1"]
[SourceVersionDate "2023.10.19"]
[SourceQuality "1"]

1. d4 d5 2. c4 c6 3. Nf3 Nf6 4. Nc3 e6 5. Bg5 Nbd7 6. e3 Qa5 7. Nd2 dxc4 8. Bxf6 Nxf6 9. Nxc4 Qc7 10. Bd3 Be7 11. 0-0 c5 12. Qa4+ Bd7 13. Nb5 Bxb5 14. Qxb5+ Qd7 15. Ne5 Qxb5 16. Bxb5+ Kf8 17. Rfd1 g5 18. dxc5 a5 19. c6 bxc6 20. Nxc6 Bc5 21. a4 Kg7 22. Rac1 Bb6 23. Rc4 Nd5 24. Kf1 h6 25. h3 h5 26. e4 Nf6 27. b4 axb4 28. Rxb4 h4 29. Rc4 Ba5 30. Ke2 Rhf8 31. Rd3 Rh8 32. Nxa5 Rxa5 33. g4 hxg3 34. Rxg3 Kh6 35. Ke3 1-0

[Event "CP-2019-S-00001"]
[Site "LSS email"]
[Date "2019.02.09"]
[Round "?"]
[White "Dard, Michel"]
[Black "Pilgram, Kurt"]
[Result "1/2-1/2"]
[WhiteElo "2302"]
[BlackElo "2190"]
[PlyCount "59"]
[EventDate "2019.02.15"]
[EventType "tourn (corr)"]
[EventRounds "7"]
[EventCountry "GER"]
[SourceTitle "Corr 2022"]
[Source "ChessBase"]
[SourceDate "2021.10.24"]
[SourceVersion "1"]
[SourceVersionDate "2021.10.24"]
[SourceQuality "1"]

1. e4 c5 2. Nf3 d6 3. Bb5+ Nd7 4. Ba4 Ngf6 5. 0-0 e6 6. Re1 Be7 7. c3 0-0 8. d4 cxd4 9. cxd4 a6 10. Bc2 b5 11. Nbd2 Bb7 12. Nf1 b4 13. Ng3 Qc7 14. Bd2 Rfc8 15. Rc1 Qb6 16. Qe2 a5 17. Bd3 Rxc1 18. Rxc1 Rc8 19. Rd1 h6 20. h3 Qa7 21. Nh2 Qa8 22. Ng4 Nxg4 23. Qxg4 Nf6 24. Qf3 Rc7 25. Bf4 Qc8 26. Kh2 Qd8 27. Be3 Nd7 28. Qe2 Bf8 29. f3 Qc8 30. Bd2 1/2-1/2

[Event "WC-2018-T-00003"]
[Site "LSS email"]
[Date "2018.11.28"]
[Round "?"]
[White "Bubir, Alex"]
[Black "Dard, Michel"]
[Result "1/2-1/2"]
[WhiteElo "2501"]
[BlackElo "2307"]
[PlyCount "75"]
[EventDate "2018.12.03"]
[EventType "tourn (corr)"]
[EventRounds "10"]
[EventCountry "GER"]
[SourceTitle "Corr 2022"]
[Source "ChessBase"]
[SourceDate "2021.10.24"]
[SourceVersion "1"]
[SourceVersionDate "2021.10.24"]
[SourceQuality "1"]

1. e4 c6 2. d4 d5 3. e5 Bf5 4. Nf3 e6 5. Be2 Ne7 6. c3 Nd7 7. 0-0 c5 8. dxc5 Nxc5 9. Nd4 Bg6 10. Be3 Nc6 11. c4 dxc4 12. Nxc6 bxc6 13. Nd2 c3 14. bxc3 Be7 15. Nb3 Nd7 16. Nd4 Rc8 17. f4 Nb6 18. c4 0-0 19. Qb3 Nd7 20. Rad1 Qc7 21. Bf2 Nc5 22. Qe3 Ne4 23. Be1 Bc5 24. Bf3 f5 25. exf6 e5 26. fxe5 Rce8 27. Bxe4 Qxe5 28. Bd5+ cxd5 29. Qxe5 Rxe5 30. Bf2 dxc4 31. Nc6 Bxf2+ 32. Rxf2 Ree8 33. Ne7+ Kf7 34. Nxg6 Kxg6 35. fxg7 Kxg7 36. Rd7+ Kg6 37. Rxf8 Rxf8 38. Rc7 1/2-1/2

[Event "WC-2018-P-00011"]
[Site "LSS email"]
[Date "2018.01.22"]
[Round "?"]
[White "Oliveira, Diogo"]
[Black "Dard, Michel"]
[Result "1/2-1/2"]
[WhiteElo "2241"]
[BlackElo "2307"]
[PlyCount "67"]
[EventDate "2018.02.01"]
[EventType "tourn (corr)"]
[EventRounds "12"]
[EventCountry "GER"]
[SourceTitle "Corr 2022"]
[Source "ChessBase"]
[SourceDate "2021.10.24"]
[SourceVersion "1"]
[SourceVersionDate "2021.10.24"]
[SourceQuality "1"]

1. Nf3 Nf6 2. c4 e6 3. Nc3 d5 4. d4 Bb4 5. Bg5 h6 6. Bxf6 Qxf6 7. Qa4+ Nc6 8. e3 0-0 9. Bd3 dxc4 10. Bxc4 Bd7 11. 0-0 Bxc3 12. bxc3 Rfd8 13. Be2 Be8 14. Qc2 Na5 15. Ne5 c5 16. Rab1 Rac8 17. Qe4 cxd4 18. cxd4 Qe7 19. Bd3 g6 20. Rfc1 Rxc1+ 21. Rxc1 Nc6 22. Rc5 Nxe5 23. Qxe5 Bc6 24. h3 f6 25. Qg3 g5 26. f4 Kf7 27. h4 Rd5 28. Rc2 Qa3 29. Bc4 Rxd4 30. Bxe6+ Ke7 31. Bb3 Rd7 32. fxg5 hxg5 33. hxg5 Rd1+ 34. Kf2 1/2-1/2